000 nam a22 7a 4500
999 _c356140
_d356140
003 NUST
005 20180125101112.0
008 180125b xxu||||| |||| 00| 0 eng d
040 _c0
082 _a628 MAN
245 _aThe VISOCOLOR reagent case for soil analysis
260 _c2012
300 _a37p.
500 _aP.B
942 _2ddc
_cBK
_kIESE